|
|
|
|
| LEADER |
00000cam a2200000 7i4500 |
| 001 |
0000001287 |
| 005 |
20151222.0 |
| 008 |
070627 |
| 020 |
|
|
|a 9831283503
|
| 090 |
0 |
0 |
|a JF
|b JAW (1504)
|
| 245 |
0 |
0 |
|a Harta karun dalam gua
|
| 260 |
|
|
|a Selangor :
|b Penerbitan Gedung Ilmu ,
|c 2002
|
| 440 |
|
0 |
|a Siri kanak-kanak harmoni
|
| 500 |
|
|
|a Children ages 7-9 years old (orange)
|
| 650 |
|
0 |
|a Jawi
|
| 999 |
|
|
|a 0000899758
|b Book
|c Children Collection
|e Cawangan Tmn. Ungku Tun Aminah
|
| 999 |
|
|
|a 0000899761
|b Book
|c Children Collection
|e Cawangan Tangkak
|
| 999 |
|
|
|a 0000899762
|b Book
|c Children Collection
|e Cawangan Tangkak
|
| 999 |
|
|
|a 0000953306
|b Book
|c Children Collection
|e Cawangan Tangkak
|
| 999 |
|
|
|a 0000953308
|b Book
|c Children Collection
|e Cawangan Urban Transformation Centre
|
| 999 |
|
|
|a 0000978777
|b Book
|c Children Collection
|e Cawangan Urban Transformation Centre
|
| 999 |
|
|
|a 0000978778
|b Book
|c Children Collection
|e Cawangan Pontian
|
| 999 |
|
|
|a 0000978779
|b Book
|c Children Collection
|e Perbadanan Perpustakaan Awam Johor
|
| 999 |
|
|
|a 0000978780
|b Book
|c Children Collection
|e Perbadanan Perpustakaan Awam Johor
|
| 999 |
|
|
|a 0001215513
|b Book
|c Children Collection
|e Cawangan Taman Universiti
|
| 999 |
|
|
|a 0001215514
|b Book
|c Children Collection
|e Cawangan Tmn. Ungku Tun Aminah
|
| 999 |
|
|
|a 0001215517
|b Book
|c Children Collection
|e Cawangan Bukit Gambir
|
| 999 |
|
|
|a 0001215518
|b Book
|c Children Collection
|e Cawangan Tangkak
|
| 999 |
|
|
|a 0001215519
|b Book
|c Children Collection
|e Cawangan Taman Universiti
|
| 999 |
|
|
|a 000953305
|b Book
|c Children Collection
|e Cawangan Taman Universiti
|